000 00281nam a2200097Ia 4500
082 _aTSO 496.397881 JAQU
245 0 _aRitalin : a difficult choice
100 _a PORTERFIELD, Jason New York, 2009 1st ed
_960066
942 _cBK
008 210817s9999 xx 000 0 und d
999 _c292399
_d292398